Využitie satelitných snímok vlhkosti pôdy v hydrologickom modelovaní

Saved in:
Bibliographic Details
Main Author: Kubáň, Martin (Author)
Other Authors: Szolgay, Ján (Thesis advisor)
Format: Manuscript Book
Language:Slovak
Published: 2022
Subjects:
Online Access:http://is.stuba.sk/zp/portal_zp.pl?podrobnosti=152569
Tags: Add Tag
No Tags, Be the first to tag this record!

MARC

LEADER 00000ntm a22000003a 4500
001 stuzp71330
003 SK-STU
005 20220813210308.0
007 ta
008 150427s2015----xo-----f-mn---000-0-slo-d
040 |a STU  |b slo 
041 0 |a slo 
100 1 |a Kubáň, Martin  |u 010160  |4 aut  |U SvF Stavebná fakulta  |T SvF Katedra vodného hospodárstva krajiny  |X 62725  |U V160  |Y 16  |7 62725 
242 0 1 |a The use of satellite images of soil moisture in hydrological modeling  |y eng 
245 1 0 |a Využitie satelitných snímok vlhkosti pôdy v hydrologickom modelovaní 
260 |c 2022 
650 4 |a hydrologický model  |2 slo 
650 4 |a Vlhkosť pôdy  |2 slo 
650 4 |a ASCAT  |2 slo 
650 4 |a soil moisture  |2 eng 
650 4 |a ASCAT  |2 eng 
650 4 |a hydrological model  |2 eng 
700 1 |a Szolgay, Ján  |u 010160  |k Z1  |4 ths  |U SvF Stavebná fakulta  |T SvF Katedra vodného hospodárstva krajiny  |X 691  |U V160  |Y 16  |7 A000000691 
856 4 |u http://is.stuba.sk/zp/portal_zp.pl?podrobnosti=152569